00248nam a2200085Ia 4500008004100000041000800041100001900049245005700068260003700125241105s9999 xx 000 0 und d aeng aChavan Deepali aHow To Make Self Sustainable Special Township ...... bM.Arch Environmental, Punec2012